| 000 | 00764nam a2200205 a 4500 | ||
|---|---|---|---|
| 001 | 000048059 | ||
| 005 | 20201002060907.0 | ||
| 008 | 181112s2016 dr 000 0 spa d | ||
| 020 | _a9789945903324 | ||
| 040 |
_aDO-SdBNP _bspa _cBNPHU |
||
| 082 |
_axxxx _bM917o |
||
| 100 | 1 |
_aMota García, Marcos De, _d1961- _975563 |
|
| 245 | 1 | 0 |
_aOrientación pediátrica : _bvisión médica, social y gremial / _cMarcos De Mota García ; prólogo Francisco Oscar Espino Torres. |
| 260 |
_aSan José de las Matas : _bOpus, _c2016. |
||
| 300 |
_a524 p. ; _c23 c. |
||
| 500 | _aIncluye datos biográficos del autor en las solapas | ||
| 500 | _aIncluye notas al pie de las páginas | ||
| 590 | _aInventariado, 2018/LP | ||
| 700 | 1 |
_aEspino Torres, Francisco Oscar, _epról. _969189 |
|
| 999 |
_c47547 _d47547 |
||